[Event "It (cat.8)"]
[Site "masterchessopen.com Rijeka (Croatia)"]
[Round "5"]
[White "Plachetka Jan (SVK)"]
[Black "Rogic Davor (CRO)"]
[Result "1-0"]
[WhiteElo "2451"]
[BlackElo "2496"]

{ Plachetka Jan (SVK) +0 =1 -0 } 1.Nf3 d5 2.c4 c6 3.d4 Nf6 4.Nc3 dxc4 5.a4 Bf5
6.e3 e6 7.Bxc4 Bb4 8.O-O O-O 9.Qe2 Bg6 10.Ne5 Nbd7 11.Nxg6 hxg6 12.Rd1 Qa5 {
?/= } 13.Qc2 ( 13.Bd2 Rad8 14.Be1 Nb6 15.Bb3 e5 16.dxe5 Qxe5 17.g3 a5 18.Kg2
Nbd7 19.Qc4 Qe7 20.h3 g5 21.Rac1 Ne5 22.Qe2 g4 { ...1-0, Kamsky Gata(2735) -
Kramnik Vladimir(2730), Monte Carlo 1995 It "Melody Amber" (active) } )
13...Rac8 14.Na2 Bd6 ( 14...b5 15.Nxb4 Qxb4 16.Be2 a6 17.b3 Qd6 18.Ba3 b4
19.Bb2 c5 20.dxc5 Qxc5 21.Qd3 Qc2 22.Bxf6 gxf6 23.Qxc2 Rxc2 24.Bxa6 { ...1-0,
Palo Davor(2394) - Hanley Craig(2331), Aarhus 2002 It (cat.6) } ) 15.e4 {
+0,33 CAP N } ( 15.b4 Qh5 16.f4 g5 17.Be2 Qh6 18.g3 Nd5 19.e4 Nxb4 20.Nxb4
Bxb4 21.fxg5 Qh3 22.Rb1 a5 23.Bf1 Qg4 24.Be2 Qh3 { ...1/2-1/2, Ilic
Zoran(2378) - Rey Guillermo(2378), San Francisco 2000 It (cat.4) } ) ( 15.Be2
c5 16.dxc5 Bxc5 17.Bd2 Qc7 18.b4 Qxh2+ 19.Kxh2 Bd6+ 20.Kg1 Rxc2 21.Bd3 Rc7
22.Rac1 Rfc8 23.a5 Ne5 24.Bf1 Rxc1 { ...0-1, Ragozin Evgeni(2485) - Eilers
Stefan(2304), Germany 1999 Cup Nord-West } ) ( 15.h3 Qh5 16.Nc3 e5 17.Qe2 Qh4
18.dxe5 Bxe5 19.Bd2 g5 20.Be1 g4 21.f4 gxf3 22.Bxh4 fxe2 23.Bxe2 Nc5 24.a5
Rfe8 { ...1/2-1/2, Ljubojevic Ljubomir(2559) - Hamdouchi Hichem(2541),
Villarrobledo 2000 It (open) (active) } ) 15...e5 16.b4 Qc7 17.f4 exd4 18.e5
Nxe5 19.fxe5 Bxe5 20.Qxg6 Bxh2+ 21.Kh1 b5 { } ( 21...Qg3 { !? } 22.Qxg3 Bxg3
23.Rd3 Ne4 { } ) 22.axb5 cxb5 23.Bb3 Qe5 24.Rf1 Ne4 { ? } ( 24...Rc4 { !? }
25.Bxc4 bxc4 26.Qg5 Ne4 { } ) 25.Bxf7+ Kh8 26.Rf3 Bg3 27.Bf4 Nf2+ 28.Rxf2 Bxf4
29.Raf1 Bh6 30.Rf3 Rcd8 31.Nc1 { } {#r} 1-0

[Event "It (open)"]
[Site "masterchessopen.com Lyons (France)"]
[Date "2002.05.09"]
[Round "3"]
[White "Martin Bruno (FRA)"]
[Black "Benitah Yohan (FRA)"]
[Result "0-1"]
[WhiteElo "2019"]
[BlackElo "2388"]

1.d4 d5 2.c4 c6 3.Nf3 Nf6 4.Nc3 dxc4 5.a4 Bf5 6.e3 e6 7.Bxc4 Bb4 8.O-O O-O
9.Qe2 Nbd7 10.e4 Bg4 11.Rd1 Qa5 12.Rd3 e5 13.Bb3 exd4 14.Na2 Bc5 15.Bc2 Qc7
16.b4 Bd6 17.h3 Bxf3 18.Rxf3 a5 19.Bg5 Be5 20.Rf1 Rae8 21.Rf5 g6 22.f4 gxf5
23.fxe5 Qxe5 24.Rxf5 Qxf5 {#R} 0-1

[Event "It (open)"]
[Site "masterchessopen.com Avoine (France)"]
[Round "1"]
[White "Tihonov Jurij (BLR)"]
[Black "Heurtebize Christophe (FRA)"]
[Result "1-0"]
[WhiteElo "2455"]
[BlackElo "2105"]

1.d4 d5 2.c4 c6 3.Nf3 Nf6 4.Nc3 dxc4 5.a4 Bf5 6.e3 e6 7.Bxc4 Bb4 8.O-O O-O
9.Qe2 Bg6 10.Ne5 Nbd7 11.Nxg6 hxg6 12.Rd1 Qe7 13.Na2 Bd6 14.e4 e5 15.f4 exd4
16.e5 Bc5 17.Kh1 Nd5 18.Bxd5 cxd5 19.b4 Bb6 20.a5 Bc7 21.Qf3 g5 22.g3 gxf4
23.gxf4 Qe6 24.Rxd4 Rfd8 25.Nc3 Rac8 26.Bb2 f6 27.Nxd5 fxe5 28.Nxc7 Rxc7
29.fxe5 Rf8 30.Qg2 Nxe5 31.Re4 {#r} 1-0

[Event "It \"]
[Site "masterchessopen.com Blackpool (England)"]
[Round "5"]
[White "Crouch Colin S (ENG)"]
[Black "Sundararajan Kidambi (IND)"]
[Result "0-1"]
[WhiteElo "2374"]
[BlackElo "2476"]

1.d4 d5 2.Nf3 Nf6 3.c4 c6 4.Nc3 dxc4 5.a4 Bf5 6.e3 e6 7.Bxc4 Bb4 8.O-O O-O
9.Qe2 Bg6 10.Ne5 Nbd7 11.Nxg6 hxg6 12.Bd2 Qe7 13.e4 e5 14.dxe5 Nxe5 15.Bb3
Rad8 16.Rad1 Nd3 17.Bg5 Nc5 18.Bc2 Rxd1 19.Rxd1 Re8 20.Qc4 Bxc3 21.bxc3 Ncxe4
22.Re1 Qa3 23.Bxe4 Rxe4 {#R} 0-1

[Event "It (open)"]
[Site "masterchessopen.com Forchheim (Germany)"]
[Round "5"]
[White "Weiss Michael (GER)"]
[Black "Schulze Harald (GER)"]
[Result "0-1"]
[WhiteElo "2033"]
[BlackElo "2166"]

1.d4 d5 2.Nf3 Nf6 3.c4 c6 4.Nc3 dxc4 5.a4 Bf5 6.e3 e6 7.Bxc4 Bb4 8.O-O O-O
9.Qe2 Ne4 10.Nxe4 Bxe4 11.Rd1 Nd7 12.Bd2 Qe7 13.a5 Rfd8 14.b3 Rac8 15.Bxb4
Qxb4 16.Ng5 Bg6 17.Bd3 Qe7 18.Bxg6 Qxg5 19.Qh5 Qxg6 {#R} 0-1

[Event "It (open) \"]
[Site "masterchessopen.com Imperatriz (Brazil)"]
[Round "8"]
[White "Souza Neves Andrey M (BRA)"]
[Black "Andrade Roberto Luiz Costa (BRA)"]
[Result "1-0"]
[WhiteElo "2200"]
[BlackElo "2264"]

1.d4 d5 2.c4 c6 3.Nf3 Nf6 4.Nc3 dxc4 5.a4 Bf5 6.e3 e6 7.Bxc4 Bb4 8.O-O O-O
9.Qe2 Bg6 10.Ne5 Bh5 11.f3 Nfd7 12.g4 Nxe5 13.dxe5 Bg6 14.e4 h5 15.g5 Qd4+
16.Be3 Qxe5 17.f4 Qa5 18.f5 exf5 19.exf5 Bxf5 20.Qxh5 Bc5 21.Rae1 Bxe3+
22.Rxe3 Qc5 23.Rf3 g6 24.Qh4 b5 25.Ne4 Bxe4 26.Rh3 Qxe3+ 27.Rxe3 Bf5 28.Bd3
Bd7 29.Qh6 Re8 {#r} 1-0

[Event "Spartakiada Russia (juniors)"]
[Site "masterchessopen.com Kazan (Russia)"]
[Round "0"]
[White "Verzhansky Alexander (RUS)"]
[Black "Matveev Vladimir (RUS)"]
[Result "1-0"]
[WhiteElo "2327"]
[BlackElo "2210"]

1.d4 d5 2.c4 c6 3.Nc3 Nf6 4.Nf3 dxc4 5.a4 Bf5 6.e3 e6 7.Bxc4 Bb4 8.O-O O-O
9.Qe2 Nbd7 10.Ne5 Nxe5 11.dxe5 Ne4 12.Na2 Qb6 13.f3 Nc5 14.Nxb4 Qxb4 15.e4 Bg6
16.Kh1 Nd7 17.b3 Qe7 18.Ba3 c5 19.f4 f6 20.exf6 gxf6 21.Qg4 f5 22.exf5 Rxf5
23.Rae1 Nf8 24.Bb2 Qf7 25.Qf3 h5 26.Qc3 Qh7 27.Bxe6+ Nxe6 28.Rxe6 Raf8 29.Qg3
{#r} 1-0

[Event "It"]
[Site "masterchessopen.com Marianske Lazne (Czech Republic)"]
[Round "4"]
[White "Malmqvist Glenn (SWE)"]
[Black "Hasangatin Ramil (RUS)"]
[Result "0-1"]
[WhiteElo "2067"]
[BlackElo "2474"]

1.d4 d5 2.c4 c6 3.Nf3 Nf6 4.Nc3 dxc4 5.a4 Bf5 6.e3 e6 7.Bxc4 Bb4 8.O-O O-O
9.Qe2 Nbd7 10.Rd1 Bg6 11.Bd3 Bh5 12.e4 e5 13.Bc2 exd4 14.Rxd4 Qb6 15.Be3 Bc5
16.a5 Qxb2 17.Ra2 Qxc3 18.Rc4 Bxf3 19.gxf3 Qe5 20.f4 Qc7 21.e5 Nd5 22.Bxh7+
Kxh7 23.Qh5+ Kg8 24.Bxc5 Nxc5 25.f5 g6 26.Qh6 Qxe5 {#R} 0-1

[Event "It (open)"]
[Site "masterchessopen.com Oak Brook (USA)"]
[Round "4"]
[White "Tsyganov Igor M (USA)"]
[Black "Zaremba Andrie (USA)"]
[Result "1-0"]
[WhiteElo "2263"]
[BlackElo "2318"]

1.d4 d5 2.c4 c6 3.Nc3 Nf6 4.Nf3 dxc4 5.a4 Bf5 6.e3 e6 7.Bxc4 Bb4 8.O-O O-O
9.Qe2 Bg6 10.Ne5 Nbd7 11.Nxg6 hxg6 12.Rd1 Qa5 13.Na2 Be7 14.b4 Qc7 15.Bb2 a5
16.b5 c5 17.Rac1 b6 18.e4 e5 19.dxc5 Nxc5 20.Nc3 Rad8 21.Nd5 Nxd5 22.Bxd5 Qb8
23.Qc4 Rc8 24.Qa2 g5 25.Rc3 g6 26.Rf3 Kg7 27.Rxf7+ Rxf7 28.Bxf7 Nxe4 29.Re1
Nc3 30.Qe6 {#r} 1-0

[Event "It (open)"]
[Site "masterchessopen.com Recklinghausen (Germany)"]
[Round "7"]
[White "Siepmann Martin (GER)"]
[Black "Woller Rainer (GER)"]
[Result "1-0"]
[WhiteElo "2165"]
[BlackElo "2196"]

1.d4 d5 2.Nf3 Nf6 3.c4 c6 4.Nc3 dxc4 5.a4 Bf5 6.e3 e6 7.Bxc4 Bb4 8.O-O O-O
9.Qe2 Bg4 10.h3 Bxf3 11.Qxf3 Nbd7 12.Rd1 Qe7 13.Ne4 Rfd8 14.Bd2 Nxe4 15.Qxe4
Bxd2 16.Rxd2 Qb4 17.Qc2 a5 18.Qc3 Nb6 19.Bb3 c5 20.Qxb4 axb4 21.Rc1 cxd4
22.exd4 Nxa4 23.Rc4 Rd7 {#r} 1-0

[Event "Extra League 2003/04"]
[Site "masterchessopen.com Czech Republic"]
[Date "2003.11.08"]
[Round "1"]
[White "Civin Tomas (CZE)"]
[Black "Olsar Jaroslav (CZE)"]
[Result "1-0"]
[WhiteElo "2414"]
[BlackElo "2269"]

1.d4 d5 2.c4 c6 3.Nf3 Nf6 4.Nc3 dxc4 5.a4 Bf5 6.e3 e6 7.Bxc4 Bb4 8.O-O O-O
9.Qe2 Ne4 10.Na2 Be7 11.Ne5 Nd7 12.Nxd7 Qxd7 13.f3 Nf6 14.e4 Bg6 15.Be3 Rfd8
16.Nc1 Qc7 17.Nd3 Nd7 18.a5 e5 19.f4 Bxe4 20.fxe5 Rf8 21.Bf4 Bxd3 22.Bxd3 Qd8
23.Rf3 Bg5 24.Bxh7+ Kxh7 25.Rh3+ Kg6 26.Rf1 Rh8 27.Bxg5 Kxg5 28.Qe3+ {#r} 1-0

[Event "Ch France (team) (2) 2003/04"]
[Site "masterchessopen.com France"]
[Date "2004.04.04"]
[Round "11"]
[White "Roux Florent"]
[Black "Vernay Clovis (FRA)"]
[Result "0-1"]
[WhiteElo "1499"]
[BlackElo "2209"]

1.d4 d5 2.Nf3 Nf6 3.c4 c6 4.Nc3 dxc4 5.a4 Bf5 6.e3 e6 7.Bxc4 Bb4 8.O-O O-O
9.Qe2 Nbd7 10.Bd2 Qa5 11.Rfc1 Bg4 12.h3 Bh5 13.g4 Nxg4 14.hxg4 Bxg4 15.Bd3 Qh5
16.Be4 Nf6 17.d5 Bxc3 {#R} 0-1

[Event "Ch Wales"]
[Site "masterchessopen.com Cardiff (Wales)"]
[Date "2004.04.12"]
[Round "7"]
[White "Williams Leighton (WLS)"]
[Black "Jones Richard S (WLS)"]
[Result "1-0"]
[WhiteElo "2355"]
[BlackElo "2297"]

1.d4 d5 2.c4 c6 3.Nf3 Nf6 4.Nc3 dxc4 5.a4 Bf5 6.e3 e6 7.Bxc4 Bb4 8.O-O O-O
9.Qe2 Bg6 10.Rd1 Nbd7 11.Bd3 Qa5 12.Bxg6 hxg6 13.e4 Bxc3 14.bxc3 Qxc3 15.Ra3
Qa5 16.e5 Nd5 17.Bd2 Qb6 18.Qe4 Qb2 19.Bc1 Nc3 20.Qh4 Ne2+ 21.Kh1 Nxc1 22.Ng5
Rfe8 23.Rf3 {#r} 1-0

[Event "It (open)"]
[Site "masterchessopen.com Marin (Spain)"]
[Date "2004.07.15"]
[Round "3"]
[White "Cebrian Ramos Jose Luis (ESP)"]
[Black "Perez Luis Manuel (CUB)"]
[Result "0-1"]
[WhiteElo "2127"]
[BlackElo "2430"]

1.d4 d5 2.c4 c6 3.Nc3 Nf6 4.Nf3 dxc4 5.a4 Bf5 6.e3 e6 7.Bxc4 Bb4 8.O-O O-O
9.Qe2 Ne4 10.Bd2 Nxd2 11.Nxd2 c5 12.dxc5 Bxc5 13.Nb3 Bb4 14.Rfd1 Qg5 15.Nd4
Bg6 16.Ncb5 Na6 17.Rac1 e5 18.Nb3 Bh5 19.f3 e4 20.Rd5 exf3 21.Rxg5 fxe2 22.Nc3
Rac8 23.Nxe2 Bxe2 24.Bxe2 Rxc1+ 25.Nxc1 Bd2 {#R} 0-1

[Event "It (open)"]
[Site "masterchessopen.com Cullera (Spain)"]
[Date "2004.07.26"]
[Round "6"]
[White "Deruelle Sala Albert (ESP)"]
[Black "Bordes Ibanez Juan (ESP)"]
[Result "0-1"]
[WhiteElo "2026"]
[BlackElo "2115"]

1.d4 d5 2.c4 c6 3.Nc3 Nf6 4.Nf3 dxc4 5.a4 Bf5 6.e3 e6 7.Bxc4 Bb4 8.O-O O-O
9.Qe2 Nbd7 10.Nh4 Bg4 11.f3 Bh5 12.g3 e5 13.dxe5 Nxe5 14.e4 {#R} 0-1

[Event "It (open)"]
[Site "masterchessopen.com Villa Martelli (Argentina)"]
[Date "2004.11.12"]
[Round "7"]
[White "Paglilla Carlos (ARG)"]
[Black "Recoulat Eduardo J (ARG)"]
[Result "1-0"]
[WhiteElo "2390"]
[BlackElo "2250"]

1.c4 c6 2.d4 d5 3.Nf3 Nf6 4.Nc3 dxc4 5.a4 Bf5 6.e3 e6 7.Bxc4 Bb4 8.O-O O-O
9.Qe2 Bg6 10.Ne5 Nbd7 11.Nxg6 hxg6 12.Rd1 Qa5 13.Na2 Qxa4 14.b3 Qa5 15.Bb2 Be7
16.e4 Qc7 17.Rac1 Rfe8 18.Nc3 Nb6 19.Bd3 a5 20.h4 a4 21.bxa4 Nxa4 22.Nxa4 Rxa4
23.e5 Nd5 24.h5 Bg5 25.hxg6 Bxc1 26.Bxc1 Ra1 27.Qh5 Rxc1 28.Rxc1 Nf4 29.Qh7+
Kf8 30.Qh8+ {#r} 1-0

[Event "Ch Germany (juniors) (team)"]
[Site "masterchessopen.com Bad Sulza (Germany)"]
[Date "2004.11.16"]
[Round "3"]
[White "Armbrust Florian (GER)"]
[Black "Hauser Carlos (GER)"]
[Result "1-0"]
[WhiteElo "2268"]
[BlackElo "2150"]

1.Nf3 d5 2.d4 Nf6 3.c4 c6 4.Nc3 dxc4 5.a4 Bf5 6.e3 e6 7.Bxc4 Bb4 8.O-O O-O
9.Qe2 Nbd7 10.e4 Bg6 11.Bd3 Qe7 12.Na2 a5 13.Nxb4 Qxb4 14.Bd2 Qe7 15.b4 axb4
16.Rfb1 c5 17.dxc5 Nxc5 18.Bxb4 b6 19.Ne5 Bh5 20.Qe3 Rfc8 21.Nc4 Qc7 22.Bxc5
bxc5 23.Nb6 Bg6 24.Nxa8 Rxa8 25.f3 h5 26.Rc1 Rc8 27.a5 Qe5 28.a6 c4 29.a7 {#r}
1-0

[Event "Ch Russia (club) (1/2 final)"]
[Site "masterchessopen.com Smolensk (Russia)"]
[Round "9"]
[White "Parfenov Viktor N (RUS)"]
[Black "Bazarov Konstantin (RUS)"]
[Result "0-1"]
[WhiteElo "2235"]
[BlackElo "2206"]

1.d4 d5 2.c4 c6 3.Nf3 Nf6 4.Nc3 dxc4 5.a4 Bf5 6.e3 e6 7.Bxc4 Bb4 8.O-O O-O
9.Qe2 Nbd7 10.e4 Bg6 11.Bd3 Re8 12.e5 Nd5 13.Bxg6 hxg6 14.Ne4 Nf8 15.Bd2 f5
16.exf6 gxf6 17.Bxb4 Nxb4 18.Qc4 a5 19.Rfe1 Rb8 20.Qb3 Kg7 21.h4 Qd5 22.Qc3
Rbd8 23.Nxf6 Kxf6 24.Re5 Qd7 25.d5 Kf7 26.Ng5+ Kg8 27.dxe6 Nxe6 28.Rae1 Nxg5
29.hxg5 Rxe5 30.Rxe5 Qf7 31.g3 Rd5 32.Kg2 Rxe5 {#R} 0-1

[Event "It (open)"]
[Site "masterchessopen.com Linares (Spain)"]
[Date "2005.02.27"]
[Round "3"]
[White "Henriksen Geir (NOR)"]
[Black "Goetzee Rick (IRL)"]
[Result "1-0"]
[WhiteElo "2192"]
[BlackElo "1921"]

1.d4 d5 2.c4 c6 3.Nf3 Nf6 4.Nc3 dxc4 5.a4 Bf5 6.e3 e6 7.Bxc4 Bb4 8.O-O O-O
9.Qe2 Nbd7 10.e4 Bg4 11.Rd1 Qe7 12.e5 Nd5 13.h3 Nxc3 14.bxc3 Bxc3 15.hxg4 Bxa1
16.Qd3 Bxd4 17.Qxd4 Nb6 18.Bd3 Nd5 19.Qe4 g6 20.Bd2 Rab8 21.Bc4 Rfd8 22.Rb1 a6
23.Bg5 Qf8 24.Bxd5 Rxd5 25.Qf4 Qg7 26.Bh6 Qh8 27.Ng5 Rd7 28.Ne4 f5 29.Nf6+ Kf7
30.Nxd7 {#r} 1-0

[Event "It (open)"]
[Site "masterchessopen.com Pula (Croatia)"]
[Date "2005.06.22"]
[Round "5"]
[White "Atalik Suat (BIH)"]
[Black "Rogic Davor (CRO)"]
[Result "1-0"]
[WhiteElo "2620"]
[BlackElo "2520"]

{ Atalik Suat (BIH) +1 =1 -0 Rogic Davor (CRO) +0 =0 -1 } 1.d4 d5 2.c4 c6
3.Nf3 Nf6 4.Nc3 dxc4 5.a4 Bf5 6.e3 e6 7.Bxc4 Bb4 8.O-O O-O 9.Qe2 Bg4 ( 9...Bg6
10.Ne5 Nbd7 11.Nxg6 hxg6 12.Rd1 Qa5 13.Qc2 Rac8 14.Na2 Bd6 15.e4 e5 16.b4 Qc7
17.f4 exd4 18.e5 Nxe5 19.fxe5 Bxe5 20.Qxg6 Bxh2+ 21.Kh1 b5 22.axb5 cxb5 23.Bb3
Qe5 24.Rf1 Ne4 25.Bxf7+ Kh8 26.Rf3 Bg3 27.Bf4 Nf2+ 28.Rxf2 Bxf4 29.Raf1 {
...1-0, Plachetka Jan 2451 - Rogic Davor 2496 , Rijeka 2002 It (cat.8) } )
10.h3 Bxf3 ( 10...Bh5 11.g4 Bg6 12.Ne5 Nbd7 13.f4 Bxc3 14.bxc3 Be4 15.Ba3 Re8
16.Kh2 Nd5 17.Rac1 f6 18.Nf3 Qa5 19.Bb3 b5 20.c4 bxa4 21.Bc2 Bxc2 22.cxd5 Bb3
23.dxc6 Nb6 24.Rc5 { 1-0, Shirov Alexei 2706 - Rechi Montes Xavier, Andorra
2001 Simultan } ) 11.Qxf3 { ?/= } 11...Nbd7 12.Rd1 Rc8 ( 12...a5 13.e4 e5
14.d5 Qc7 15.dxc6 Qxc6 16.Bb5 Qe6 17.Bxd7 Nxd7 18.Nd5 Rfc8 19.Be3 Bc5 20.Rac1
h6 21.Rc3 Rc6 22.Rcd3 Bxe3 23.Nxe3 Nc5 24.Rd8+ Rxd8 25.Rxd8+ Kh7 26.Nd5 g6
27.b4 axb4 28.Nxb4 Rb6 29.Nd5 Rc6 30.Kh2 Kg7 31.Qe3 Rc8 32.Rxc8 { ...1/2-1/2,
Rodriguez Orestes 2500 - Romero Holmes Alfonso 2475 , Terrasa 1990 It } )
13.Ne4 ( 13.e4 e5 14.Be3 Qa5 15.Na2 Bd6 16.Nc3 exd4 17.Bxd4 Ne5 18.Qe2 Rfe8
19.Ba2 Bc5 20.f4 Rcd8 21.Bxc5 Qxc5+ 22.Kh2 Ng6 23.g3 Nd5 24.Nxd5 cxd5 25.e5
Ne7 26.Rac1 Qb4 27.Qb5 Qe4 28.Bb1 Qe3 29.Kg2 a6 30.Qd3 Qxd3 31.Bxd3 Rc8 32.b4
g6 { ...1-0, Kasimdzhanov Rustam 2650 - Bareev Evgeny 2715 , Sarajevo 2003 It
(cat.16) } ) 13...Nxe4 ( 13...Qa5 14.Nxf6+ Nxf6 15.e4 e5 16.Bg5 Be7 17.Qf5 Qb4
18.dxe5 Qxc4 19.exf6 Bxf6 20.Bxf6 gxf6 21.Qxf6 Qe6 22.Qxe6 fxe6 23.Rd7 Rf7
24.Rad1 Rc7 25.R7d6 Rce7 26.b4 a6 27.f3 Rf8 28.Kf2 Kf7 29.Rc1 Rc7 30.Rc5 Ke7
31.Rd2 Rd8 32.Rxd8 Kxd8 33.Ke3 { ...1-0, Palo Davor 2526 - Otterstaetter
Stefan 2216 , Bad Woerishofen 21. 3.2004 It (open) } ) 14.Qxe4 { +0.26 CAP }
14...Qe7 { N } ( 14...Qa5 15.Qc2 Nb6 16.Bd3 g6 17.e4 Rfd8 ( 17...c5 18.dxc5
Bxc5 19.Qb3 Qb4 20.Qxb4 Bxb4 21.a5 Na8 22.Bh6 Rfd8 23.a6 bxa6 24.Bxa6 Rxd1+
25.Rxd1 Rb8 26.Bf4 Re8 27.Rd7 Bc5 28.Be5 Bb6 29.g4 Rd8 30.Rb7 Kf8 31.Bf6 Re8
32.Bb5 Rc8 33.Bd7 Rc1+ 34.Kg2 { ...1-0, Illescas Cordoba Miguel 2633 -
Dominguez Lenier 2661 , Dos Hermanas 1. 4.2005 It (cat.16) } ) 18.Be2 h5
19.Be3 c5 20.dxc5 Rxd1+ 21.Qxd1 Bxc5 22.Bd2 Bb4 23.Bxb4 Qxb4 24.a5 Nc4 25.Rc1
Rc6 26.Qd4 e5 27.Qxa7 Nxa5 28.Ra1 Rc5 29.Bf1 Kg7 30.Ra4 Qxa4 31.Qxc5 Nc6
32.Qd5 Qb4 33.g3 h4 34.Bc4 { ...1/2-1/2, Beliavsky Alexander G 2640 - Ivanchuk
Vassily 2695 , Munich 1994 It } ) 15.b3 Nf6 16.Qc2 c5 { ?! ? } ( 16...Nd5 { !?
} 17.e4 Qh4 18.exd5 cxd5 { = } ) 17.Bb2 cxd4 18.Rxd4 a6 19.Qe2 e5 20.Rdd1 h6
21.Rab1 Rc7 22.Bd3 Qe6 23.Rbc1 Rfc8 24.Rc4 Rxc4 25.Bxc4 Qe7 26.Qd3 Ba3 { ?
±/+?? } ( { ? } 26...Qe8 27.Qf5 Rc5 28.Qf3 Qc8 { ?/± } ) 27.Qf5 Re8 { ?! +?? }
( 27...Rb8 { !? } 28.Qxe5 Qxe5 29.Bxe5 Re8 { ±/+?? } ) 28.Bxa3 Qxa3 29.Rd7 {
+?? } {#r} 1-0

[Event "Cup Torch Real Estate"]
[Site "masterchessopen.com Xiapu (China)"]
[Date "2005.06.25"]
[Round "18"]
[White "Wang Xiaohui (CHN)"]
[Black "Gong Qianyun (CHN)"]
[Result "1-0"]
[WhiteElo "2204"]
[BlackElo "2374"]

1.d4 d5 2.c4 c6 3.Nf3 Nf6 4.Nc3 dxc4 5.a4 Bf5 6.e3 e6 7.Bxc4 Bb4 8.O-O O-O
9.Qe2 Nbd7 10.e4 Bg6 11.Bd3 Bh5 12.Bf4 e5 13.dxe5 Ng4 14.Qc2 Qe8 15.Na2 Ba5
16.e6 fxe6 17.Bg3 Rxf3 18.gxf3 Nge5 19.f4 Nf3+ 20.Kh1 Nd4 21.Qc4 Bf3+ 22.Kg1
Qh5 23.Rfe1 Bxe1 24.Qxd4 Nf6 25.Rxe1 Ng4 26.h4 Rf8 27.f5 e5 28.Qc4+ Kh8 29.Be2
Bxe2 30.Qxe2 {#r} 1-0

[Event "It \"]
[Site "masterchessopen.com France"]
[Date "2005.11.11"]
[Round "2"]
[White "Pham Minh Hoang (VIE)"]
[Black "Baas Laurent (FRA)"]
[Result "1-0"]
[WhiteElo "2466"]
[BlackElo "2006"]

1.d4 d5 2.c4 c6 3.Nf3 Nf6 4.Nc3 dxc4 5.a4 Bf5 6.e3 e6 7.Bxc4 Bb4 8.O-O O-O
9.Qe2 Bg6 10.Ne5 Nbd7 11.Nxg6 hxg6 12.Rd1 Qe7 13.e4 e5 14.d5 Rfd8 15.Bg5 a5
16.h4 Qc5 17.Rac1 Rac8 18.d6 Qa7 19.Qf3 Qb8 20.h5 gxh5 21.Qf5 Bxd6 22.Qg6 Rf8
23.Bh6 Ne8 24.Bxg7 Nxg7 25.Rxd6 Nb6 26.Ba2 Rce8 27.Rf6 Qc7 28.Qh6 {#r} 1-0

[Event "Oberliga Southwest 2005/06"]
[Site "masterchessopen.com Germany"]
[Date "2005.11.13"]
[Round "2"]
[White "Otterstaetter Stefan (GER)"]
[Black "Simons Joerg (GER)"]
[Result "1-0"]
[WhiteElo "2227"]
[BlackElo "2139"]

1.d4 d5 2.c4 c6 3.Nc3 Nf6 4.Nf3 dxc4 5.a4 Bf5 6.e3 e6 7.Bxc4 Bb4 8.O-O O-O
9.Qe2 Nbd7 10.e4 Bg6 11.e5 Nd5 12.Bd2 Qa5 13.Nxd5 cxd5 14.Bb5 Nb6 15.Bxb4 Qxb4
16.Qd2 Qxd2 17.Nxd2 a6 18.a5 Nc8 19.Ba4 Ne7 20.Rfc1 Rfc8 21.Bd7 Rxc1+ 22.Rxc1
Kf8 23.Rc7 Rb8 24.Nb3 b6 25.Ra7 bxa5 26.Nc5 Nf5 27.Rxa6 Nxd4 28.Rxa5 Nb3
29.Nxb3 Rxb3 30.Ra8+ Ke7 31.Ba4 {#r} 1-0

[Event "It (cat.11)"]
[Site "masterchessopen.com Sao Paulo (Brazil)"]
[Date "2005.11.16"]
[Round "7"]
[White "Sunye Neto Jaime (BRA)"]
[Black "Vescovi Giovanni (BRA)"]
[Result "0-1"]
[WhiteElo "2522"]
[BlackElo "2646"]

{ } 1.c4 c6 2.Nf3 d5 3.d4 Nf6 4.Nc3 dxc4 5.a4 Bf5 6.e3 e6 7.Bxc4 Bb4 8.O-O O-O
9.Qe2 Ne4 10.Nxe4 Bxe4 11.Rd1 ( 11.Nd2 Bg6 12.Nb3 Nd7 13.e4 Qe7 14.f3 Kh8
15.a5 b5 16.axb6 axb6 17.Be3 f6 18.Rac1 Bf7 19.Ba6 e5 20.Bc4 Rfc8 21.Rfd1 h6
22.Bxf7 Qxf7 23.d5 cxd5 24.Rxc8+ Rxc8 25.Rxd5 Bf8 26.Qb5 Rc7 27.Nd2 Bc5 28.Nc4
Kh7 29.h4 h5 30.Kh2 Qe6 { ...1-0, Granda Zuniga Julio E 2605 - Campora Daniel
H 2540 , Buenos Aires 1993 It } ) ( 11.Ne5 Nd7 12.Nxd7 Qxd7 13.f3 Bg6 14.Rd1
Qc7 15.e4 Bd6 16.e5 Bb4 17.Bd2 Qe7 18.Bc3 a5 19.Rd2 Rfd8 20.Qe3 Rd7 21.Rad1 h6
22.h3 Qh4 23.Kh2 h5 24.g3 Qe7 25.g4 Qh4 { 1/2-1/2, Sretenskij Nikolai V 2412 -
Najer Evgeniy 2515 , Kolontaevo 1997 Ch Russia (juniors) (under 20) } ) (
11.Bd3 Qd5 12.Bxe4 Qxe4 13.Bd2 Bd6 14.Ng5 Qd5 15.e4 Qb3 16.e5 Be7 17.Ne4 Nd7
18.Bg5 f6 19.exf6 Nxf6 20.Bxf6 gxf6 21.Nd2 Qd5 22.Ne4 Rae8 23.Rad1 Kh8 24.Nc3
Qb3 25.Rd3 Bb4 26.Re3 Bxc3 27.bxc3 Qxa4 28.Rxe6 Rxe6 29.Qxe6 Qa5 30.Qe7 Kg8 {
...1-0, Miton Kamil 2600 - Lagowski Patryk 2406 , Warsaw 7. 5.2004 Ch Poland }
) 11...Nd7 12.Bd3 { = } ( 12.Bd2 Bd6 13.Bc3 Qe7 14.Bd3 Bxd3 15.Rxd3 Rfd8 16.e4
Bc7 17.Rad1 h6 18.a5 Nf8 19.Ne5 f6 20.Nc4 Rd7 21.Qg4 Rad8 22.Ne3 Qf7 23.g3 Ng6
24.R3d2 Ne7 25.Qf3 f5 26.Nc4 fxe4 27.Qxe4 Nf5 28.Re1 Nd6 29.Nxd6 Rxd6 30.Rde2
Qf5 31.Qg2 Re8 { ...1-0, Ustianovich Nazar 2263 - Averjanov Alexey 2403 ,
Alushta 2002 Ch Ukraine } ) ( 12.Ne1 Qe7 13.f3 Bg6 14.e4 e5 15.Be3 exd4
16.Bxd4 Ne5 17.Bb3 Rfd8 18.Bf2 Bc5 19.Rac1 Bxf2+ 20.Qxf2 Qb4 21.Qe3 Kf8 22.h3
f6 23.Nc2 Qb6 24.Nd4 Bf7 25.Bxf7 Kxf7 26.f4 c5 27.Nf5 Nc4 28.Qe2 Nxb2 29.a5
Qb4 30.Rxd8 Rxd8 31.Rb1 Rd2 { ...1-0, Kakageldyev Amanmurad 2475 - Barua
Dibyendu 2550 , Yerevan 1996 Olympiad } ) 12...Nf6 ( 12...Bxd3 13.Qxd3 Qa5
14.e4 Rfe8 15.Bf4 Rad8 16.Qb3 h6 17.Rac1 Qb6 18.h3 Nf6 19.Ne5 Bc5 20.Qf3 Bxd4
21.Nc4 Qb4 22.e5 Nh7 23.Nd6 Rxd6 24.exd6 e5 25.Qa3 Qxa3 26.bxa3 c5 27.Rxd4
exd4 28.Rxc5 Nf6 29.Rc7 g5 30.Bd2 Rd8 31.Rxb7 Rxd6 32.Rxa7 { ...0-1, Neiman
Emmanuel 2330 - Midoux Sebastien 2305 , France 30. 1.2004 Ch France (team)
2004 } ) 13.Bd2 ( 13.Ne5 Bxd3 14.Rxd3 c5 15.Bd2 Bxd2 16.Qxd2 Qd5 17.Qc3 Ne4
18.Qc4 f6 19.Qxd5 exd5 20.Nf3 c4 21.Rdd1 Rfe8 22.Nd2 Nxd2 23.Rxd2 Re6 24.Rc2
Rb6 25.Ra3 Re8 26.Kf1 Ree6 27.a5 Rb4 28.b3 Ra6 29.bxc4 dxc4 30.Raa2 b5 31.axb6
Rxa2 32.Rxa2 axb6 { ...0-1, Priehoda Vitezslav 2365 - Haba Petr 2410 ,
Litomysl 1995 It (open) "Lilie" } ) 13...Bd6 { -0.26 CAP N } ( 13...Bxd2
14.Rxd2 Qe7 15.Bxe4 Nxe4 16.Rdd1 a5 17.Qc2 Nf6 18.e4 Rfd8 19.h3 h6 20.Ra3 Rac8
21.Rc3 Qb4 22.Rc4 Qb6 23.Rb1 Qc7 24.b4 axb4 25.Rcxb4 Rb8 26.Ne5 Nd7 27.Nd3
Rdc8 28.Rc4 Qa5 29.Qc1 Re8 30.Rcb4 Qc7 31.Qe3 Red8 32.e5 b6 33.Rc4 { ...1-0,
Gurevich Mikhail 2585 - Winants Luc 2480 , Antwerpen 1995 It (open) } ) 14.Be1
Qe7 15.Bxe4 Nxe4 16.Qc2 f5 17.Ne5 Nf6 18.Nc4 Bc7 19.a5 Rac8 20.Qb3 Nd5 21.a6
b6 22.Rac1 Bb8 23.f3 c5 24.Ne5 f4 25.Bd2 { ? } ( { ? } 25.exf4 Nxf4 26.Qc2
Bxe5 27.dxe5 { } ) 25...fxe3 26.Bxe3 Bxe5 27.dxe5 c4 { } {#R} 0-1

[Event "Ch Russia (seniors) (w)"]
[Site "masterchessopen.com Zvenigorod (Russia)"]
[Date "2005.11.29"]
[Round "2"]
[White "Melnik Galina (RUS)"]
[Black "Katzkova Olga (RUS)"]
[Result "0-1"]
[WhiteElo "2071"]
[BlackElo "2094"]

1.d4 d5 2.Nf3 Nf6 3.c4 c6 4.Nc3 dxc4 5.a4 Bf5 6.e3 e6 7.Bxc4 Bb4 8.O-O O-O
9.Qe2 Nbd7 10.e4 Bg4 11.e5 Nd5 12.Ne4 c5 13.Nxc5 Nxc5 14.dxc5 Bxc5 15.Bd3 Qe7
16.h3 Bh5 17.g4 Bg6 18.Bxg6 hxg6 19.Bg5 Qd7 20.Rac1 Rac8 21.Qe4 Rc7 22.Bd2
Rfc8 23.Rc2 Bxf2+ {#R} 0-1